Guess the Taylor Swift Song (no hints) 74 - Statistics

General Stats
  • This quiz has been taken 96 times
  • The average score is 296 of 379
Answer Stats
Answer % Correct
I
100%
you
100%
You
100%
a
98%
And
98%
and
98%
the
98%
is
96%
it
96%
It
96%
that
96%
in
95%
on
95%
your
95%
to
93%
what
93%
I'm
91%
(I'm
91%
me
91%
Me
91%
You're
91%
you're
91%
It's
89%
it's
89%
know
89%
my
89%
My
89%
like
88%
but
86%
for
86%
just
86%
of
86%
Of
86%
there
86%
all
84%
by
82%
'Cause
82%
'cause
82%
not?
82%
so
82%
Don't
81%
from
79%
why
79%
here
77%
here)
77%
if
77%
thought
77%
back
75%
down
75%
home
72%
loves
72%
see
72%
wouldn't
72%
get
70%
Aren't
68%
god
68%
karma
68%
Karma
68%
(karma
68%
still
68%
still,
68%
boyfriend
67%
boyfriend)
67%
cat
67%
coming
67%
Coming
67%
keep
67%
lap
67%
Purring
67%
those
67%
hair
65%
honey,
65%
Karma's
65%
look
65%
mean
65%
only
65%
relaxing
65%
side
65%
Sweet
65%
vibe
65%
you'll
65%
around
63%
breeze
63%
gonna
63%
once,
63%
straight
63%
street
63%
acrobat
61%
clean
61%
friends
61%
goddamn
61%
guy
61%
hell
61%
weekend
61%
(weekend)
61%
envious
60%
everyone
60%
Flexing
60%
learned
60%
made
60%
Step
60%
step
60%
tears
60%
town
60%
years
60%
queen
58%
screen
58%
takes
58%
bounty
56%
justice,
56%
many
56%
track
56%
earned
54%
hunter
54%
summit
54%
Addicted
53%
Ask
53%
ground
53%
shit
53%
talking
53%
little
51%
price?
51%
Rattling
51%
thunder
51%
twice
51%
ain't
49%
betrayal,
49%
cash
49%
dare,
49%
relevant
49%
terrified
49%
Weave
49%
burned
47%
glare
47%
scent
47%
crown
46%
pennies
46%
Spider-boy,
46%
king
44%
thieves
44%
Trick
44%
trick
44%
webs
42%
fade,
39%
opacity
37%
No matching quizzes found
Score Distribution
Percent of People with Each Score
Percentile by Number Answered
Your Score History
You have not taken this quiz